[Event "2015 British Chess Championships: Championship"]
[Site "University of Warwick, Coventry, Warwickshire"]
[Date "2015.07.30"]
[Round "4"]
[Board "26"]
[White "Graham, David B"]
[Black "Jarmany, John"]
[Result "1/2-1/2"]
[WhiteElo "2162"]
[BlackElo "2036"]
[PlyCount "67"]
[EventDate "2015.07.27"]
[EventRounds "11"]
[EventCountry "ENG"]

1. e4 Nf6 2. Nc3 d5 3. e5 d4 4. exf6 dxc3 5. fxg7 cxd2+ 6. Bxd2 Bxg7 7. Qh5 Qd4
8. c3 Qe4+ 9. Qe2 Bf5 10. Qxe4 Bxe4 11. Ne2 Nd7 12. Ng3 Nc5 13. Nxe4 Nxe4 14.
Bd3 Nxd2 15. Kxd2 O-O-O 16. Kc2 Rd6 17. Rad1 e6 18. h3 h6 19. Rhe1 Bf6 20. Be2
Kd7 21. Bf3 c6 22. a4 a5 23. b4 axb4 24. cxb4 Bd4 25. Re2 Kc7 26. Bh5 f6 27. f4
Rhd8 28. Bf7 e5 29. f5 Ba7 30. Rxd6 Rxd6 31. Rd2 Rd4 32. Rxd4 Bxd4 33. Kd3 Bf2
34. Bh5 1/2-1/2

[Event "2015 British Chess Championships: Championship"]
[Site "University of Warwick, Coventry, Warwickshire"]
[Date "2015.07.30"]
[Round "4"]
[Board "27"]
[White "Waters, Clive L"]
[Black "Willow, Jonah B"]
[Result "1-0"]
[WhiteElo "2147"]
[BlackElo "1918"]
[PlyCount "101"]
[EventDate "2015.07.27"]
[EventRounds "11"]
[EventCountry "ENG"]

1. d4 Nf6 2. Nf3 e6 3. c4 b6 4. g3 Ba6 5. b3 b5 6. cxb5 Bxb5 7. Bg2 Bb4+ 8. Bd2
a5 9. O-O d5 10. a3 Bxd2 11. Qxd2 Ne4 12. Qe3 Nd7 13. Rc1 Ndf6 14. Nc3 Nxc3 15.
Rxc3 Ne4 16. Rc2 a4 17. b4 Nd6 18. Qf4 O-O 19. Ne5 f6 20. Nd3 Bc4 21. Nc5 Qe7
22. e4 e5 23. Qe3 exd4 24. Qxd4 Nb5 25. Qb2 c6 26. Rd2 Rfd8 27. exd5 cxd5 28.
Rad1 Nc7 29. Qc1 Re8 30. Bf3 Rad8 31. Nb7 Rb8 32. Na5 Bb5 33. Rc2 Rbc8 34.
Bxd5+ Nxd5 35. Rxc8 Qe4 36. Rxe8+ Bxe8 37. Qc4 Qxc4 38. Nxc4 Nc3 39. Rd8 Kf7
40. Nd6+ Ke7 41. Rxe8+ Kxd6 42. Re3 Nb5 43. Kf1 Kd5 44. Ke2 Kc4 45. Kd2 Kd4 46.
Kc2 Kc4 47. Kb2 Kd4 48. Re7 g5 49. Rb7 Nd6 50. Rd7 Ke5 51. Rxd6 1-0

[Event "2015 British Chess Championships: Championship"]
[Site "University of Warwick, Coventry, Warwickshire"]
[Date "2015.07.30"]
[Round "4"]
[Board "28"]
[White "Slade, Theodore"]
[Black "Jones, William E G"]
[Result "1/2-1/2"]
[WhiteElo "1962"]
[BlackElo "2115"]
[PlyCount "81"]
[EventDate "2015.07.27"]
[EventRounds "11"]
[EventCountry "ENG"]

1. e4 c5 2. Nf3 d6 3. d4 cxd4 4. Nxd4 Nf6 5. f3 e5 6. Nb3 d5 7. Bg5 d4 8. c3
Nc6 9. Bb5 Qb6 10. Bxc6+ bxc6 11. cxd4 Ba6 12. dxe5 Nd7 13. Qd4 Qxd4 14. Nxd4
Nxe5 15. Nc3 h6 16. Be3 Nd3+ 17. Kd2 Nxb2 18. Kc2 Nc4 19. Bf4 Rc8 20. Nf5 g6
21. Ne3 Na3+ 22. Kb3 Bg7 23. e5 Bf8 24. e6 f5 25. e7 Bxe7 26. Rhe1 Kf7 27. g4
Rb8+ 28. Bxb8 Rxb8+ 29. Ka4 f4 30. Ng2 Nc2 31. Rab1 Bb5+ 32. Nxb5 cxb5+ 33.
Rxb5 Rxb5 34. Kxb5 Nxe1 35. Nxe1 Ke6 36. Nd3 g5 37. Kc6 Ba3 38. h3 a5 39. h4
gxh4 40. Nxf4+ Kf6 41. Kd5 1/2-1/2

[Event "2015 British Chess Championships: Championship"]
[Site "University of Warwick, Coventry, Warwickshire"]
[Date "2015.07.30"]
[Round "4"]
[Board "29"]
[White "Zhang, Anthony Y"]
[Black "Gower, Sam"]
[Result "1/2-1/2"]
[WhiteElo "2109"]
[BlackElo "1915"]
[PlyCount "121"]
[EventDate "2015.07.27"]
[EventRounds "11"]
[EventCountry "ENG"]

1. d4 Nf6 2. Nf3 e6 3. c4 Bb4+ 4. Bd2 Qe7 5. g3 Nc6 6. Nc3 Bxc3 7. Bxc3 Ne4 8.
Rc1 O-O 9. d5 Nxc3 10. Rxc3 Nd8 11. Bg2 d6 12. dxe6 Nxe6 13. O-O Qf6 14. Nd2
Rb8 15. e3 Nc5 16. Qc2 b6 17. b4 Nd7 18. Ra3 a6 19. Rd1 Qe7 20. Nb3 Ne5 21. Nd4
c5 22. bxc5 dxc5 23. Nc6 Nxc6 24. Bxc6 Rd8 25. Rxd8+ Qxd8 26. Kg2 Qc7 27. Qe4
g6 28. Bd5 b5 29. cxb5 axb5 30. Rb3 Bf5 31. Qf3 c4 32. Rc3 Bd3 33. a3 Qe7 34.
h4 h5 35. Qf4 Rb6 36. Bf3 Kg7 37. Qd4+ Qf6 38. Qxf6+ Kxf6 39. Bd1 Ke5 40. Bc2
Bxc2 41. Rxc2 Ke4 42. Rc3 Rc6 43. f3+ Kd5 44. Kf2 Kc5 45. Ke2 Rd6 46. Rc2 Ra6
47. Rc3 Rd6 48. Rc2 b4 49. axb4+ Kxb4 50. Rb2+ Ka3 51. Rb7 f5 52. e4 fxe4 53.
fxe4 c3 54. Rc7 Kb2 55. e5 Rd5 56. e6 Re5+ 57. Kd3 Rxe6 58. Rb7+ Kc1 59. Kxc3
Re3+ 60. Kd4 Rxg3 61. Ke5 1/2-1/2

[Event "2015 British Chess Championships: Championship"]
[Site "University of Warwick, Coventry, Warwickshire"]
[Date "2015.07.30"]
[Round "4"]
[Board "30"]
[White "Villiers, Thomas"]
[Black "Grieve, Harry"]
[Result "1-0"]
[WhiteElo "2097"]
[BlackElo "1899"]
[PlyCount "79"]
[EventDate "2015.07.27"]
[EventRounds "11"]
[EventCountry "ENG"]

1. c4 e5 2. g3 Nf6 3. Bg2 c6 4. d4 exd4 5. Qxd4 Na6 6. Nf3 Bc5 7. Qe5+ Be7 8.
O-O O-O 9. Nc3 Re8 10. Qf4 d5 11. cxd5 Nxd5 12. Nxd5 Qxd5 13. e4 Qd6 14. e5 Qb4
15. Qxb4 Nxb4 16. Bd2 Bg4 17. Bc3 Rad8 18. h3 Bh5 19. Nd4 Nd3 20. g4 Bg6 21.
Nb3 Bg5 22. Na5 Rd7 23. Rad1 Bf4 24. h4 Bxe5 25. Nxb7 Bxc3 26. Bxc6 Rd4 27.
bxc3 Rxg4+ 28. Kh2 Re6 29. Bd7 Be4 30. f3 Rxh4+ 31. Kg3 Reh6 32. fxe4 Ne5 33.
Bc8 g5 34. Rd5 f6 35. Rd8+ Kg7 36. Nd6 Kg6 37. Rg8+ Kh5 38. Nf5 Rg4+ 39. Kh3
Nd3 40. Ng3+ 1-0

[Event "2015 British Chess Championships: Championship"]
[Site "University of Warwick, Coventry, Warwickshire"]
[Date "2015.07.30"]
[Round "4"]
[Board "31"]
[White "Willson, Ollie"]
[Black "Page, Mark E"]
[Result "1-0"]
[WhiteElo "1909"]
[BlackElo "2096"]
[PlyCount "87"]
[EventDate "2015.07.27"]
[EventRounds "11"]
[EventCountry "ENG"]

1. d4 Nf6 2. c4 g6 3. Nf3 Bg7 4. Nc3 d6 5. e4 O-O 6. Be3 Na6 7. h3 e5 8. d5 c6
9. Be2 Qe7 10. g4 Nc5 11. Nd2 a5 12. h4 a4 13. h5 a3 14. b3 Bd7 15. hxg6 fxg6
16. g5 Ne8 17. Nf1 Nc7 18. Bxc5 dxc5 19. d6 Qf7 20. dxc7 Qxf2+ 21. Kd2 Rac8 22.
Kc2 Rxc7 23. Qd6 Rfc8 24. Nd2 Qd4 25. Qxd4 exd4 26. Na4 d3+ 27. Bxd3 Bxa1 28.
Rxa1 Be8 29. Nxc5 Bf7 30. Be2 Rd8 31. Nf3 b6 32. Nd3 Kg7 33. Rh1 Be6 34. Nfe5
Rf8 35. Ng4 Bxg4 36. Bxg4 Rcf7 37. e5 Rf1 38. Rh2 Rg1 39. Bd7 Rxg5 40. Bxc6 Rg3
41. Re2 Rc8 42. Bd7 Rc7 43. e6 h5 44. Nf4 1-0

[Event "2015 British Chess Championships: Championship"]
[Site "University of Warwick, Coventry, Warwickshire"]
[Date "2015.07.30"]
[Round "4"]
[Board "32"]
[White "Peacock, Malcolm R"]
[Black "Garnett, John S"]
[Result "1-0"]
[WhiteElo "2123"]
[BlackElo "1984"]
[PlyCount "117"]
[EventDate "2015.07.27"]
[EventRounds "11"]
[EventCountry "ENG"]

1. c4 e5 2. g3 Nc6 3. Bg2 g6 4. Nc3 Bg7 5. e4 d6 6. Nge2 f5 7. d3 Nf6 8. O-O
O-O 9. Nd5 Ne7 10. Nxf6+ Bxf6 11. Be3 c6 12. Rc1 Be6 13. d4 d5 14. exd5 cxd5
15. dxe5 Bxe5 16. Bg5 Bf4 17. Nxf4 Bd7 18. Bf6 Rxf6 19. Qd4 Nc6 20. Qxd5+ Kh8
21. Rcd1 Be8 22. Qxd8 Nxd8 23. Nd5 Rf7 24. Rfe1 Nc6 25. Rd2 Kg7 26. f4 Rd8 27.
b3 Kf8 28. Rde2 a5 29. Kf2 Nd4 30. Re7 Nc6 31. Rxf7+ Bxf7 32. Re2 Nd4 33. Rd2
Ne6 34. Ke1 Nc5 35. Kd1 h6 36. Nc7 Rxd2+ 37. Kxd2 a4 38. b4 Ne4+ 39. Bxe4 fxe4
40. Nd5 b5 41. Ke3 bxc4 42. Nc3 a3 43. Kxe4 Ke7 44. Kd4 Kd6 45. Nb5+ Kc6 46.
Nxa3 c3 47. Kxc3 Bxa2 48. Kd4 Be6 49. Ke5 Bf5 50. Nc4 h5 51. h4 Bd3 52. Nd6 Bc2
53. Nf7 Kb5 54. Kf6 Kxb4 55. Ne5 Kc5 56. Nxg6 Kd4 57. Kg5 Bd1 58. f5 Ke4 59.
Nf4 1-0

[Event "2015 British Chess Championships: Championship"]
[Site "University of Warwick, Coventry, Warwickshire"]
[Date "2015.07.30"]
[Round "4"]
[Board "33"]
[White "Wager, John D"]
[Black "Zhu, Richard"]
[Result "1/2-1/2"]
[WhiteElo "2117"]
[BlackElo "1869"]
[PlyCount "79"]
[EventDate "2015.07.27"]
[EventRounds "11"]
[EventCountry "ENG"]

1. d4 Nf6 2. Nf3 e6 3. e3 d5 4. Bd3 Be7 5. b3 O-O 6. Nbd2 b6 7. Bb2 Bb7 8. O-O
Nbd7 9. Ne5 Nxe5 10. dxe5 Ne4 11. f3 Nc5 12. f4 Nxd3 13. cxd3 c5 14. Nf3 Rc8
15. Rf2 b5 16. g4 c4 17. Bd4 Bc5 18. Bxc5 Rxc5 19. d4 Rc8 20. b4 a5 21. a3 Qe7
22. Rb1 Ra8 23. Ne1 Bc8 24. Qf3 axb4 25. axb4 g6 26. g5 Ra4 27. Nc2 Bb7 28.
Rff1 Rfa8 29. h4 Bc6 30. h5 Ra2 31. Rf2 R8a4 32. Kg2 Kf8 33. Kg3 Ke8 34. Rh1
Rb2 35. hxg6 hxg6 36. Rhh2 Raa2 37. Qh1 Kd7 38. Qe1 Rb3 39. Kf3 Kc7 40. Rfg2
 1/2-1/2

[Event "2015 British Chess Championships: Championship"]
[Site "University of Warwick, Coventry, Warwickshire"]
[Date "2015.07.30"]
[Round "4"]
[Board "34"]
[White "Evans, Nicholas Thomas"]
[Black "Menadue, Jeremy F S"]
[Result "1-0"]
[WhiteElo "1923"]
[BlackElo "2042"]
[PlyCount "65"]
[EventDate "2015.07.27"]
[EventRounds "11"]
[EventCountry "ENG"]

1. d4 d5 2. c4 c6 3. Nf3 Nf6 4. e3 Bg4 5. Nc3 e6 6. h3 Bh5 7. g4 Bg6 8. Ne5
Nfd7 9. Nxg6 hxg6 10. Qb3 Qb6 11. Bg2 Na6 12. O-O Be7 13. e4 dxe4 14. Nxe4 Qxb3
15. axb3 Nb4 16. Bf4 Nc2 17. Rad1 Nf6 18. Nd6+ Bxd6 19. Bxd6 O-O-O 20. Be5 g5
21. Rd2 Nb4 22. f4 gxf4 23. Rxf4 c5 24. g5 Nh5 25. Rxf7 Rd7 26. Rxd7 Kxd7 27.
Bxb7 cxd4 28. Rxd4+ Ke8 29. c5 Nd5 30. c6 Ke7 31. c7 Nb6 32. Bf3 Nd7 33. Bd6+
 1-0

[Event "2015 British Chess Championships: Championship"]
[Site "University of Warwick, Coventry, Warwickshire"]
[Date "2015.07.30"]
[Round "4"]
[Board "35"]
[White "Ilett, Raymond J"]
[Black "Lentzos, Ioanis"]
[Result "1-0"]
[WhiteElo "1886"]
[BlackElo "2019"]
[PlyCount "181"]
[EventDate "2015.07.27"]
[EventRounds "11"]
[EventCountry "ENG"]

1. d4 Nf6 2. c4 e6 3. Nc3 Bb4 4. Nf3 O-O 5. e3 d5 6. Bd3 c5 7. O-O dxc4 8. Bxc4
Nbd7 9. a3 cxd4 10. axb4 dxc3 11. bxc3 Qc7 12. Qe2 b6 13. Bb2 Bb7 14. Bd3 Ng4
15. e4 f5 16. h3 fxe4 17. Bxe4 Bxe4 18. Qxe4 Nge5 19. Ng5 Nf6 20. Nxe6 Nxe4 21.
Nxc7 Rac8 22. Nd5 Rcd8 23. Ne7+ Kh8 24. Rfe1 Rf4 25. Rad1 Rdf8 26. Bc1 R4f7 27.
Rxe4 Rxe7 28. b5 Ng6 29. Rxe7 Nxe7 30. Ba3 Rf7 31. Bxe7 g6 32. Bg5 Rc7 33. Bf4
Rc5 34. Bh6 Kg8 35. Rd8+ Kf7 36. Rd7+ Kf6 37. Rxa7 Rxb5 38. Ra6 g5 39. Bf8 Ke5
40. Bg7+ Kd5 41. Bd4 Kc6 42. Kh2 h5 43. Ra8 Rd5 44. Rh8 b5 45. Rh6+ Kd7 46. Bh8
h4 47. f4 gxf4 48. Rxh4 Rf5 49. Kg1 f3 50. g4 f2+ 51. Kf1 Rf3 52. Bd4 Kc6 53.
Rh5 Rd3 54. Kxf2 b4 55. Ke2 Rg3 56. cxb4 Rb3 57. Bc5 Kd7 58. Rd5+ Ke6 59. Rd3
Rb1 60. Rf3 Rg1 61. Ke3 Ke5 62. Ke2 Ra1 63. g5 Ke4 64. Re3+ Kf5 65. Be7 Rb1 66.
h4 Rh1 67. Rf3+ Ke6 68. Re3+ Kf5 69. Kd3 Rxh4 70. b5 Rh8 71. Kc4 Kf4 72. Re1
Rc8+ 73. Kd5 Rc2 74. b6 Rb2 75. Kc6 Rc2+ 76. Kd7 Rb2 77. Kc7 Rc2+ 78. Kb8 Kf5
79. b7 Kg6 80. Bf6 Kf7 81. Re7+ Kf8 82. Rc7 Re2 83. g6 Ke8 84. Re7+ Rxe7 85.
Bxe7 Kxe7 86. Kc7 Kf6 87. b8=Q Kg7 88. Qb1 Kf6 89. Kd6 Kg7 90. Qf5 Kh8 91. Qf8#
 1-0

[Event "2015 British Chess Championships: Championship"]
[Site "University of Warwick, Coventry, Warwickshire"]
[Date "2015.07.30"]
[Round "4"]
[Board "36"]
[White "Shepherd, Katherine M"]
[Black "Rice, Chris B"]
[Result "1/2-1/2"]
[WhiteElo "1864"]
[BlackElo "2015"]
[PlyCount "63"]
[EventDate "2015.07.27"]
[EventRounds "11"]
[EventCountry "ENG"]

1. d4 d5 2. Nf3 Nf6 3. c4 c6 4. e3 g6 5. b3 Bg7 6. Bb2 O-O 7. Bd3 Bg4 8. Nbd2
a5 9. a3 Nbd7 10. Qc2 Nb6 11. Ne5 Bc8 12. f4 Ng4 13. Nxg4 Bxg4 14. O-O Qd7 15.
Bc3 Bf5 16. c5 Nc8 17. Nf3 Bxd3 18. Qxd3 e6 19. Rfb1 Qc7 20. b4 axb4 21. axb4
Ne7 22. b5 Rfb8 23. b6 Qd8 24. Ra7 Nc8 25. Rxa8 Rxa8 26. Ra1 Ne7 27. Qb1 Qb8
28. Kf2 Nf5 29. g3 Nh6 30. h3 f6 31. Nd2 Nf7 32. Rxa8 1/2-1/2

[Event "2015 British Chess Championships: Championship"]
[Site "University of Warwick, Coventry, Warwickshire"]
[Date "2015.07.30"]
[Round "4"]
[Board "37"]
[White "Brozel, Sacha"]
[Black "Chevannes, Sabrina L"]
[Result "0-1"]
[WhiteElo "1976"]
[BlackElo "2228"]
[PlyCount "36"]
[EventDate "2015.07.27"]
[EventRounds "11"]
[EventCountry "ENG"]

1. d4 d5 2. c4 c6 3. Nf3 Nf6 4. e3 Bg4 5. Qb3 Qc7 6. Be2 e6 7. Nc3 Nbd7 8. O-O
Ne4 9. Nd2 Bxe2 10. Nxe2 Ndf6 11. Ng3 Nxg3 12. hxg3 h5 13. Nf3 Ne4 14. Qa4 h4
15. Nxh4 g5 16. Nf3 f6 17. Nd2 Qh7 18. Re1 Qh1# 0-1

[Event "2015 British Chess Championships: Championship"]
[Site "University of Warwick, Coventry, Warwickshire"]
[Date "2015.07.31"]
[Round "5"]
[Board "2"]
[White "Hawkins, Jonathan"]
[Black "Flear, Glenn C"]
[Result "1-0"]
[WhiteElo "2554"]
[BlackElo "2450"]
[PlyCount "49"]
[EventDate "2015.07.27"]
[EventRounds "11"]
[EventCountry "ENG"]

1. e4 e5 2. Nf3 Nc6 3. d4 exd4 4. Nxd4 Bc5 5. Nb3 Bb6 6. Nc3 Nf6 7. Qe2 d6 8.
Be3 Be6 9. O-O-O Qe7 10. g3 O-O 11. f3 Rfd8 12. Bg5 h6 13. h4 Bxb3 14. axb3 Nd4
15. Qg2 c6 16. f4 Ne6 17. Bc4 Bd4 18. Bxe6 Be3+ 19. Kb1 fxe6 20. Qh3 Kf7 21. e5
hxg5 22. exf6 Qxf6 23. Ne4 Qg6 24. Nxg5+ Kg8 25. Rhe1 1-0

[Event "2015 British Chess Championships: Championship"]
[Site "University of Warwick, Coventry, Warwickshire"]
[Date "2015.07.31"]
[Round "5"]
[Board "3"]
[White "Emms, John M"]
[Black "Arkell, Keith C"]
[Result "1-0"]
[WhiteElo "2460"]
[BlackElo "2502"]
[PlyCount "97"]
[EventDate "2015.07.27"]
[EventRounds "11"]
[EventCountry "ENG"]

1. c4 c5 2. Nf3 Nf6 3. Nc3 Nc6 4. e3 g6 5. d4 cxd4 6. exd4 d5 7. cxd5 Nxd5 8.
Qb3 Nxc3 9. Bc4 Nd5 10. Bxd5 e6 11. Bxc6+ bxc6 12. O-O Bg7 13. Bf4 O-O 14. Qe3
a5 15. Bh6 a4 16. Rfc1 Bxh6 17. Qxh6 Qf6 18. Rc5 Rd8 19. Rac1 Bd7 20. h3 Be8
21. Qd2 Rd5 22. R1c3 Qd8 23. Qh6 f6 24. Qe3 Qd6 25. Rc1 Rb8 26. Qa3 Rb5 27.
Qxa4 Rdxc5 28. dxc5 Rxc5 29. Rxc5 Qxc5 30. Qf4 Kg7 31. Qc7+ Bf7 32. a4 e5 33.
a5 Qc1+ 34. Kh2 Qf4+ 35. Kg1 Qc1+ 36. Kh2 Qf4+ 37. Kh1 Qc1+ 38. Ng1 Qa1 39. Qa7
Qa2 40. a6 c5 41. Qb7 Kh6 42. a7 Bd5 43. Qb6 c4 44. Kh2 Qb3 45. Qxf6 Qxb2 46.
Qf8+ Kh5 47. g4+ Kg5 48. Nf3+ Bxf3 49. Qxf3 1-0

[Event "2015 British Chess Championships: Championship"]
[Site "University of Warwick, Coventry, Warwickshire"]
[Date "2015.07.31"]
[Round "5"]
[Board "4"]
[White "Ward, Chris G"]
[Black "Gormally, Daniel W"]
[Result "0-1"]
[WhiteElo "2423"]
[BlackElo "2484"]
[PlyCount "104"]
[EventDate "2015.07.27"]
[EventRounds "11"]
[EventCountry "ENG"]

1. d4 Nf6 2. c4 e6 3. Nc3 Bb4 4. f3 d5 5. a3 Be7 6. e4 dxe4 7. fxe4 e5 8. d5
O-O 9. Nf3 Bg4 10. Be2 Bc5 11. Bg5 Bxf3 12. Bxf3 a5 13. Na4 Nbd7 14. Qd2 h6 15.
Be3 Bxe3 16. Qxe3 b5 17. cxb5 Nxd5 18. Qf2 N5b6 19. Nxb6 cxb6 20. O-O Nc5 21.
Rfd1 Qe7 22. Rd5 Nb3 23. Rf1 Nd4 24. Qg3 f6 25. Bg4 Rad8 26. Rxd8 Rxd8 27. Rc1
Qf7 28. a4 Qa2 29. Qc3 Qxa4 30. Qc7 Rf8 31. Qxb6 Qb3 32. Ra1 Qe3+ 33. Kh1 Qxe4
34. Be6+ Kh7 35. Qd6 Nxe6 36. Qxe6 Rd8 37. Qc6 Qe2 38. h3 Rd4 39. b6 Qxb2 40.
Rxa5 Rd1+ 41. Kh2 Qf2 42. Qf3 Qg1+ 43. Kg3 Rf1 44. Qd3+ f5 45. Rxe5 Qf2+ 46.
Kh2 Qf4+ 47. Qg3 Rh1+ 48. Kxh1 Qxg3 49. Rb5 f4 50. Rf5 Kg6 51. b7 Qe1+ 52. Kh2
Qb4 0-1

[Event "2015 British Chess Championships: Championship"]
[Site "University of Warwick, Coventry, Warwickshire"]
[Date "2015.07.31"]
[Round "5"]
[Board "5"]
[White "Batchelor, Peter J"]
[Black "Pert, Nicholas"]
[Result "0-1"]
[WhiteElo "2304"]
[BlackElo "2562"]
[PlyCount "114"]
[EventDate "2015.07.27"]
[EventRounds "11"]
[EventCountry "ENG"]

1. d4 Nf6 2. c4 e6 3. g3 c5 4. d5 exd5 5. cxd5 d6 6. Nc3 g6 7. Bg2 Bg7 8. Nf3
O-O 9. O-O Re8 10. Nd2 a6 11. a4 Nbd7 12. Nc4 Ne5 13. Nxe5 Rxe5 14. e4 Rb8 15.
Re1 Re8 16. a5 b5 17. axb6 Rxb6 18. Qc2 Nd7 19. f4 h5 20. Nd1 h4 21. Bd2 Bd4+
22. Be3 Bg7 23. Bd2 Bd4+ 24. Be3 Qf6 25. Ra4 hxg3 26. hxg3 Bxb2 27. e5 dxe5 28.
Nxb2 exf4 29. Nc4 fxe3 30. Nxb6 Nxb6 31. Rf4 Qg5 32. Re4 Rxe4 33. Qxe4 Qxg3 34.
Rxe3 Qd6 35. Qe8+ Kg7 36. Qc6 Nc4 37. Re8 Bf5 38. Qxd6 Nxd6 39. Rd8 Nb5 40. Bf1
Kf6 41. d6 Be6 42. Kf2 Ke5 43. d7 Kd6 44. Ra8 Kxd7 45. Rxa6 Nc7 46. Ra1 Kd6 47.
Be2 Bd5 48. Ke3 Ne6 49. Rg1 Ke5 50. Bd3 g5 51. Rf1 Nf4 52. Bh7 f5 53. Rc1 c4
54. Ra1 Be4 55. Bg8 Nd5+ 56. Bxd5 Bxd5 57. Ra7 f4+ 0-1

[Event "2015 British Chess Championships: Championship"]
[Site "University of Warwick, Coventry, Warwickshire"]
[Date "2015.07.31"]
[Round "5"]
[Board "6"]
[White "Hebden, Mark L"]
[Black "Osborne, Marcus E"]
[Result "1-0"]
[WhiteElo "2500"]
[BlackElo "2190"]
[PlyCount "67"]
[EventDate "2015.07.27"]
[EventRounds "11"]
[EventCountry "ENG"]

1. d4 e6 2. Nf3 Nf6 3. e3 c5 4. c4 Be7 5. Nc3 O-O 6. Bd3 d6 7. O-O Nbd7 8. b3
Re8 9. Bb2 Bf8 10. Rc1 cxd4 11. exd4 e5 12. Re1 b6 13. dxe5 dxe5 14. Nxe5 Bb7
15. Nxd7 Qxd7 16. Bf1 Rxe1 17. Qxe1 Re8 18. Qd1 Qf5 19. Qd3 Qg5 20. Rd1 Ng4 21.
Na4 Bc6 22. Qg3 Qh5 23. Rd4 Ne5 24. Nc3 Re6 25. Rd8 Nf3+ 26. gxf3 Rg6 27. Ba3
Rxg3+ 28. hxg3 h6 29. Rxf8+ Kh7 30. Bd3+ g6 31. Be4 Bxe4 32. Nxe4 Qxf3 33. Ng5+
hxg5 34. Bb2 1-0

[Event "2015 British Chess Championships: Championship"]
[Site "University of Warwick, Coventry, Warwickshire"]
[Date "2015.07.31"]
[Round "5"]
[Board "7"]
[White "Weaving, Richard"]
[Black "Summerscale, Aaron P"]
[Result "1/2-1/2"]
[WhiteElo "2257"]
[BlackElo "2416"]
[PlyCount "139"]
[EventDate "2015.07.27"]
[EventRounds "11"]
[EventCountry "ENG"]

1. e4 e6 2. d4 d5 3. Nd2 a6 4. Ngf3 c5 5. exd5 exd5 6. Be2 c4 7. Nf1 Bd6 8. b3
b5 9. a4 Bb7 10. Ng3 Ne7 11. O-O O-O 12. Re1 Nbc6 13. c3 Qc7 14. Ba3 Nd8 15.
Bxd6 Qxd6 16. Qb1 Rb8 17. b4 Bc8 18. axb5 axb5 19. Bd1 Ndc6 20. Bc2 h6 21. Ne5
Nxe5 22. Rxe5 Bd7 23. Qd1 Nc6 24. Re1 Rfe8 25. Qf3 Rxe1+ 26. Rxe1 Ra8 27. h4
Ne7 28. Qe3 Kf8 29. h5 Qf6 30. Bb1 Nf5 31. Bxf5 Bxf5 32. Qf3 Be6 33. Qxf6 gxf6
34. Re3 Ra2 35. f3 Rc2 36. Kf1 Rc1+ 37. Kf2 Rc2+ 38. Kf1 Rc1+ 39. Kf2 Rc2+ 40.
Kg1 Rc1+ 41. Kh2 Rc2 42. Ne2 Ke7 43. Kg3 f5 44. f4 Kd6 45. Kf2 Ke7 46. Rg3 Kf8
47. Rh3 Ra2 48. Rh1 Kg7 49. Ke3 Bd7 50. Rf1 Kh7 51. Rf3 Be8 52. Kf2 Bd7 53. Re3
Be6 54. Re5 Kg7 55. Re3 Kf8 56. Re5 Kg7 57. Re3 Kf8 58. Kg3 Kg7 59. Ng1 Kf6 60.
Nf3 Kg7 61. Ng1 Rc2 62. Ne2 Kf6 63. Kf2 Kg7 64. Rh3 Ra2 65. Rg3+ Kf8 66. Ke3
Rc2 67. Rh3 Ra2 68. Rh1 Kg7 69. Rf1 Bd7 70. Rf3 1/2-1/2

[Event "2015 British Chess Championships: Championship"]
[Site "University of Warwick, Coventry, Warwickshire"]
[Date "2015.07.31"]
[Round "5"]
[Board "8"]
[White "Jones, Steven A"]
[Black "Williams, Simon K"]
[Result "1/2-1/2"]
[WhiteElo "2126"]
[BlackElo "2426"]
[PlyCount "96"]
[EventDate "2015.07.27"]
[EventRounds "11"]
[EventCountry "ENG"]

1. e4 c6 2. d4 d5 3. e5 Bf5 4. Nc3 e6 5. g4 Bg6 6. Nge2 f6 7. Nf4 fxe5 8. Nxg6
hxg6 9. dxe5 Nd7 10. Bf4 Bc5 11. Bd3 Ne7 12. Qd2 b5 13. h4 Qb6 14. Bg3 Rf8 15.
O-O O-O-O 16. Kg2 Rf7 17. Nd1 a5 18. a3 Qa7 19. c3 a4 20. Qc2 Rdf8 21. f4 Nb6
22. Bxg6 Nxg6 23. Qxg6 Qd7 24. f5 d4 25. cxd4 Qxd4 26. Qxe6+ Kb7 27. Kh3 Nc4
28. Nf2 Re7 29. Rad1 Rxe6 30. Rxd4 Bxd4 31. fxe6 Re8 32. Ne4 Rxe6 33. Rd1 Bb6
34. Nd6+ Nxd6 35. Rxd6 Re7 36. e6 Re8 37. h5 Bc5 38. Rd7+ Kb6 39. Rxg7 Bd4 40.
Rf7 Bxb2 41. e7 b4 42. Bd6 bxa3 43. Rf8 Rxe7 44. Bxe7 a2 45. Rf1 a1=Q 46. Rxa1
Bxa1 47. g5 c5 48. Bf6 Bxf6 1/2-1/2

[Event "2015 British Chess Championships: Championship"]
[Site "University of Warwick, Coventry, Warwickshire"]
[Date "2015.07.31"]
[Round "5"]
[Board "9"]
[White "Jackson, James P"]
[Black "Lam, Paul G M"]
[Result "1-0"]
[WhiteElo "2343"]
[BlackElo "2136"]
[PlyCount "103"]
[EventDate "2015.07.27"]
[EventRounds "11"]
[EventCountry "ENG"]

1. e4 Nc6 2. Nf3 d6 3. d4 Nf6 4. c3 Bg4 5. h3 Bh5 6. Bd3 e6 7. Nbd2 Bg6 8. Qe2
Be7 9. O-O O-O 10. Re1 a6 11. Nh4 Nh5 12. Nxg6 fxg6 13. g3 e5 14. d5 Na7 15.
Nf3 Qd7 16. Kh2 Rf7 17. Ng5 Bxg5 18. Bxg5 Raf8 19. Be3 Nc8 20. Rf1 Rf3 21. Kg2
Qf7 22. Qd1 Rf6 23. Kh2 g5 24. Be2 g6 25. Bg4 Ng7 26. Kg2 Nb6 27. b3 h6 28. c4
Nd7 29. b4 Kh8 30. a4 Qe7 31. a5 R6f7 32. Be2 Nf6 33. f3 Nfh5 34. Qd2 Ne8 35.
Rh1 Kh7 36. Rac1 Rf6 37. Rcf1 Neg7 38. c5 Nf4+ 39. gxf4 gxf4 40. Bf2 R6f7 41.
h4 g5 42. Rh3 Nh5 43. hxg5 Rg7 44. Rfh1 Rxg5+ 45. Kf1 Qe8 46. Qc2 Rf6 47. Bh4
Ng3+ 48. Rxg3 fxg3 49. Bxg5 Rg6 50. Qd2 Kg8 51. Rxh6 g2+ 52. Kg1 1-0

[Event "2015 British Chess Championships: Championship"]
[Site "University of Warwick, Coventry, Warwickshire"]
[Date "2015.07.31"]
[Round "5"]
[Board "10"]
[White "Richards, Heather S"]
[Black "Cooper, John G"]
[Result "1/2-1/2"]
[WhiteElo "2141"]
[BlackElo "2313"]
[PlyCount "61"]
[EventDate "2015.07.27"]
[EventRounds "11"]
[EventCountry "ENG"]

1. e4 c5 2. Nf3 e6 3. d3 d5 4. Qe2 Be7 5. g3 Nf6 6. Bg2 Nc6 7. e5 Nd7 8. O-O
Qc7 9. Re1 O-O 10. Bf4 Nd4 11. Nxd4 cxd4 12. h4 a5 13. Rc1 Ra6 14. c4 dxc4 15.
Rxc4 Qb6 16. Nd2 Qxb2 17. Rac1 Nb6 18. R4c2 Qa3 19. Nc4 Nxc4 20. Rxc4 Bd7 21.
R1c2 Rb6 22. Bc1 Rb1 23. Kh2 Rxc1 24. Rxc1 Bb5 25. Rc7 Bxd3 26. Qd1 Bb4 27.
Rxb7 Be2 28. Qxe2 Qxc1 29. Be4 g6 30. Rd7 Bc3 31. h5 1/2-1/2

[Event "2015 British Chess Championships: Championship"]
[Site "University of Warwick, Coventry, Warwickshire"]
[Date "2015.07.31"]
[Round "5"]
[Board "11"]
[White "Scott, Gordon W"]
[Black "Rudd, Jack"]
[Result "0-1"]
[WhiteElo "2101"]
[BlackElo "2247"]
[PlyCount "48"]
[EventDate "2015.07.27"]
[EventRounds "11"]
[EventCountry "ENG"]

1. d4 Nf6 2. c4 c5 3. d5 e6 4. Nc3 exd5 5. cxd5 d6 6. Nf3 g6 7. Bf4 a6 8. a4
Bg7 9. h3 O-O 10. e3 Qb6 11. Rb1 Qb4 12. Qd2 Bf5 13. Rc1 Rd8 14. Be2 Nbd7 15.
Bxd6 Nb6 16. Be5 Nxa4 17. Nxa4 Qxa4 18. Rc4 Qb3 19. d6 b5 20. Bxf6 bxc4 21.
Bxd8 c3 22. Qd1 Qxd1+ 23. Bxd1 cxb2 24. Nd2 Rxd8 0-1